000 00888nam a2200205Ia 4500
999 _c37422
_d37422
001 3381
003 GE_BSU
005 20190607161201.0
008 181216s1990||||ge |||||||||||||| ||geo||
040 _cGE_BSU
041 _ageo
080 _a621.01(075.8) ჯ–12
100 _aჯაბუა, გ.
_91112
245 _aმექანიზმებისა და მანქანების თეორია : სახელმძღვ. /
_c გ. ჯაბუა ; რედ : ლ. მაღულარია.
264 _aთბილისი :
_bგანათლება,
_c1990.
300 _a427 გვ .:
_c20 სმ.
_eნახაზები.
653 _aმექანიზმებისა და მანქანების თეორია
700 _aმაღულარია, ლ
_eრედაქტორი
_92275
942 _cBK
_2udc